Countries by Largest and Most Populous Islands 🏝️ - Statistics

General Stats
  • This quiz has been taken 49 times
  • The average score is 19 of 26
Answer Stats
Most Populous Largest Country % Correct
Tasmania Tasmania Australia
98%
Montreal Baffin Canada
98%
Crete Crete Greece
98%
Sicily Sicily Italy
98%
Tenerife Mallorca Spain
98%
Corsica Corsica France
96%
Hainan Hainan China
93%
Jeju Jeju South Korea
87%
Phú Quốc Phú Quốc Vietnam
87%
São Luís Marajó Brazil
84%
Zealand Zealand Denmark
84%
Tromsøya Spitsbergen Norway
84%
Rügen Rügen Germany
82%
IJsselmonde Bonaire Netherlands
82%
Sakhalin Sakhalin Russia
82%
Gotland Gotland Sweden
80%
Salsette Middle Andaman India
71%
Krk Krk / Cres Croatia
64%
Saaremaa Saaremaa Estonia
56%
Robben Marion South Africa
53%
Qeshm Qeshm Iran
49%
San Andrés San Andrés Colombia
47%
Margarita Margarita Venezuela
47%
Bioko Bioko Equatorial Guinea
27%
Unguja (Zanzibar) Unguja (Zanzibar) Tanzania
18%
Idjwi Idjwi D. R. Congo
13%
No matching quizzes found
Score Distribution
Percent of People with Each Score
Percentile by Number Answered
Your Score History
You have not taken this quiz